| Tag |
First Indicator |
Second Indicator |
Subfields |
| LEADER |
00000cam a2200000I 4500 |
| 001 |
in00000027323 |
| 005 |
20151007061314.0 |
| 008 |
780920s1956 iau 000 0 eng d |
| 035 |
|
|
|a (OCoLC)ocm04237841
|
| 035 |
|
|
|a (OCoLC)04237841
|
| 035 |
|
|
|9 AAD1732AM
|
| 040 |
|
|
|a KKM
|c KKM
|d FDA
|d UtOrBLW
|
| 049 |
|
|
|a TXAM
|c [284498]
|
| 090 |
|
|
|a GV951.5
|b .P44
|
| 092 |
|
|
|a 796.33
|b P36p
|
| 100 |
1 |
|
|a Pelfrey, Ray.
|
| 245 |
1 |
4 |
|a The passing game ;
|b offensive and defensive for coaches and players /
|c by Ray Pelfrey, in collaboration with Steve Owen.
|
| 264 |
|
1 |
|a Dubuque, Iowa :
|b Wm.C. Brown Co.,
|c [1956]
|
| 300 |
|
|
|a xiii, 129 pages :
|b illustrations ;
|c 26 cm.
|
| 336 |
|
|
|a text
|b txt
|2 rdacontent
|
| 337 |
|
|
|a unmediated
|b n
|2 rdamedia
|
| 338 |
|
|
|a volume
|b nc
|2 rdacarrier
|
| 650 |
|
0 |
|a Football.
|
| 650 |
|
0 |
|a Passing (Football)
|
| 994 |
|
|
|a E0
|b TXA
|
| 999 |
|
|
|a MARS
|
| 999 |
f |
f |
|s 7ad9e742-fdbf-3ac5-b992-1788b657d0f9
|i a6eb75e0-c61c-331c-b866-e986bc86ae3a
|t 0
|
| 952 |
f |
f |
|p ric
|a Texas A&M University
|b Rellis Campus
|c Joint Library Facility
|d Remote Storage
|t 0
|e GV951.5 .P44
|h Library of Congress classification
|i unmediated -- volume
|m A14801184545
|
| 998 |
f |
f |
|a GV951.5 .P44
|t 0
|l Remote Storage
|